Česko-německý strojírensko-hutnický slovník

Salvato in:
Dettagli Bibliografici
Natura: Libro
Lingua:ceco
tedesco
Pubblicazione: Praha Státní nakladatelství technické literatury 1990
Edizione:1. vyd.
Tags: Aggiungi Tag
Nessun Tag, puoi essere il primo ad aggiungerne!!

MARC

LEADER 00000nam a2200000 4500
001 c038382
005 20250520074628.8
041 0 |a cze 
041 0 |a ger 
044 |a CZ 
245 1 0 |a Česko-německý strojírensko-hutnický slovník 
250 |a 1. vyd. 
264 1 |a Praha  |b Státní nakladatelství technické literatury  |c 1990 
300 |a 475 s.